| 000 | 00769nam a2200145 a 4500 | ||
|---|---|---|---|
| 008 | 090720s2008 ||||||||||||||||| || u | ||
| 050 | _aCBU-PG THESIS/MWE | ||
| 100 | _aMweemba, Marion Chilombe | ||
| 245 | 1 | 0 |
_aHuman-Wildlife conflict management in Mosi-Oa-Tunya National Parks and Simonga Village: an application of PGIS in Zambia _cSupervised by Hennemann, G. R. |
| 260 |
_aNetherlands _bInternational Institute for geo-information science and earth observation Enschede, the Netherlands, Postgraduate Studies _c2008 |
||
| 300 | _axiii, 85p. :ill. | ||
| 350 | _a0.00 | ||
| 650 | _aGAME RESERVES--ZAMBIA | ||
| 995 |
_D0.00 _FCBU-MAIN LIBRARY (Kitwe) _H1 _I0.00 _M1 _UAVAILABLE _WJul 20, 2009 _ZUniversity Collection |
||
| 999 |
_c46018 _d46018 |
||